000
00255nam a2200109Ia 4500
008
200302s9999 xx 000 0 und d
100
_a
David Hands
245
_a
Vision and values in design management
260
_b
AVA Book
260
_c
2009
300
_a
191
999
_c
6299
_d
6299